External imbalances, economic growth and convergence: the case of Sub-Saharan Afrika
Vonkajšie nerovnováhy - najzákladnejšie ekonomické problémy rozvojového sveta. Politicko-ekonomické dôvody zahraničnej zadlženosti. Veľkosť a štruktúra zahraničnej zadlženosti Subsaharskej Afriky. Vzťah medzi odlevom kapitálu a zahraničnou zadlženosťou.
Salvato in:
| Autore principale: | |
|---|---|
| Natura: | Capitolo di libro |
| Lingua: | inglese |
| Soggetti: | |
| Tags: |
Nessun Tag, puoi essere il primo ad aggiungerne!!
|
MARC
| LEADER | 00000naa a2200000 4500 | ||
|---|---|---|---|
| 001 | r039367 | ||
| 005 | 20230929073137.9 | ||
| 041 | 0 | |a eng | |
| 044 | |a SK | ||
| 245 | 1 | 0 | |a External imbalances, economic growth and convergence: the case of Sub-Saharan Afrika |c Menbere Workie Tiruneh |
| 520 | |a Vonkajšie nerovnováhy - najzákladnejšie ekonomické problémy rozvojového sveta. Politicko-ekonomické dôvody zahraničnej zadlženosti. Veľkosť a štruktúra zahraničnej zadlženosti Subsaharskej Afriky. Vzťah medzi odlevom kapitálu a zahraničnou zadlženosťou. | ||
| 610 | 2 | 0 | |a nerovnováha hospodárska |
| 610 | 2 | 0 | |a rast hospodársky |
| 610 | 2 | 0 | |a konvergencia |
| 610 | 2 | 0 | |a Subsahara |
| 610 | 2 | 0 | |a Afrika |
| 610 | 2 | 0 | |a zadlženosť zahraničná |
| 610 | 2 | 0 | |a modely regresné |
| 610 | 2 | 0 | |a krajiny rozvojové |
| 100 | 1 | |a Workie Tiruneh, Menbere | |